| 000 | 00976cam a2200205 4500 | ||
|---|---|---|---|
| 001 | ABS66214 | ||
| 008 | 021216n2002 000 0 eng u | ||
| 035 | _a(Sirsi) u120777 | ||
| 100 | _aMacLaughlin, S | ||
| 245 | _aUpdating your survey system | ||
| 260 | _c2002 | ||
| 490 |
_aCivil Engineering Surveyor _v November 2002, 22-25(4) |
||
| 520 | _aReviews reasons for updating a survey system, using a question and answer format. Concludes that most the common question is when to replace an existing tried and tested solution with an updated or altogether new solution based on newer technology. Suggests caution as software license costs may be least expensive aspect of replacing a working system. Also advises careful management, and accounting of staff time costs when pricing alternatives. | ||
| 590 | _aABS | ||
| 650 | _aSOFTWARE | ||
| 650 | _aDATA COLLECTION | ||
| 650 | _aSURVEYING TECHNOLOGY | ||
| 690 | _aBUILT ENVIRONMENT-BUILDING INSPECTION | ||
| 942 | _n0 | ||
| 999 |
_c71766 _d71766 |
||